000 00869cam a22002295a 4500
001 L158170
008 141002s2010 xxk f 000 0 eng d
020 _a9780470453612
035 _a(Sirsi) u158170
041 0 _aeng
050 0 4 _a711.58
100 1 _aSarte
_bS.Bry
245 0 0 _aSustainable infrastructure
_bThe guide to green engineering and design
260 _aHoboken
_bJohn Wiley & Sons Inc.
_c2010
300 _a364p, 23cm
520 _aGuide to integrating sustainable infrastructure strategies into planning and design. Discusses how engineers are working with other members of the design team to develop a strategy that produces the most effective green alternatives for the revitalization of urban infrastructure.
590 _aKA
651 4 _aInternational
690 _aInfrastructure
_96246
690 _aSustainability
_96271
942 _n0
999 _c115183
_d115183